Bilan des 65 ans d'indépendance de la Guinée rôle du conseil des sages dans la gestion des conflits /

Elmentve itt :
Bibliográfiai részletek
Szerző: Haba Alexis
További közreműködők: Kruzslic Péter Pál (Témavezető)
Dokumentumtípus: Szakdolgozat
Megjelent: 2023
Tárgyszavak:
Online Access:http://diploma.bibl.u-szeged.hu/139094
LEADER 00784nta a2200181 i 4500
001 dipl139094
005 20240528131054.0
008 240528s2023 hu om 000 fre d
040 |a SZTE Diploma Repozitórium  |b hun 
041 |a fre 
100 1 |a Haba Alexis 
245 1 0 |a Bilan des 65 ans d'indépendance de la Guinée   |h [elektronikus dokumentum] :  |b rôle du conseil des sages dans la gestion des conflits /  |c Alexis Haba 
246 1 0 |a Assessment of Guinea's 65 years of independance : role of the council of wise men conflict  |h [elektronikus dokumentum] 
260 |c 2023 
650 4 |a Jogi és igazgatási tanulmányok 
650 4 |a Political science 
700 0 1 |a Kruzslic Péter Pál  |e ths 
856 4 0 |u https://diploma.bibl.u-szeged.hu/id/eprint/139094/1/2023_haba_alexis.pdf  |z Dokumentum-elérés